[Event "It (open)"]
[Site "masterchessopen.com - Gausdal (Norway)"]
[Round "0"]
[White "Hillarp Persson Tiger (SWE)"]
[Black "Glenne Bjorn Erik (NOR)"]
[Result "1-0"]
[WhiteElo "2535"]
[BlackElo "2147"]

1.d4 Nf6 2.c4 d6 3.Nc3 Nbd7 4.Nf3 e5 5.e4 Be7 6.Be2 O-O 7.O-O c6 8.Qc2 Ne8
9.Be3 g6 10.Rad1 Qc7 11.a3 Ng7 12.b4 f5 13.h3 f4 14.Bc1 exd4 15.Nxd4 Ne5
16.Nf3 g5 17.Bb2 Rf6 18.c5 Nxf3+ 19.Bxf3 Rg6 20.Na4 g4 21.Bxg4 f3 22.Qb3+ Kh8
23.Qxf3 Bxg4 24.hxg4 dxc5 25.Nxc5 Bd6 26.Rxd6 Qxd6 27.Rd1 Qf8 28.Qxf8+ Rxf8
29.Rd7 {#r} 1-0

[Event "Ch Hungary (team) 1992/93"]
[Site "masterchessopen.com - Hungary"]
[Round "0"]
[White "Mincsovics Miklos (HUN)"]
[Black "Cseh Andor (HUN)"]
[Result "0-1"]
[WhiteElo "2218"]
[BlackElo "2133"]

1.d4 Nf6 2.c4 d6 3.Nc3 Nbd7 4.e4 e5 5.Nf3 c6 6.Be2 Be7 7.O-O Qc7 8.Re1 h6 9.b4
a5 10.bxa5 Rxa5 11.a4 O-O 12.Bd2 Re8 13.d5 Nc5 14.Qc2 Bd7 15.Rab1 Rea8 16.Rb2
Nxa4 17.Nxa4 Rxa4 18.Reb1 Bc8 19.Be3 Ra1 20.Bb6 Qd7 21.Nd2 c5 22.Bd1 R1a3
23.Rb5 Qe8 24.Bc7 Ra2 25.R1b2 Ra1 26.Nb3 R1a7 27.Na5 Qd7 28.Bb6 Ra6 29.f3 Bf8
30.Qc3 {#R} 0-1

[Event "It (open)"]
[Site "masterchessopen.com - New York (USA)"]
[Round "2"]
[White "Umezinwa George (USA)"]
[Black "Carr James"]
[Result "1-0"]
[WhiteElo "2242"]
[BlackElo "1730"]

1.d4 Nf6 2.c4 d6 3.Nf3 Nbd7 4.Nc3 e5 5.e4 Be7 6.Be2 O-O 7.O-O c6 8.Be3 a6 9.a4
a5 10.h3 Qc7 11.Qd2 Re8 12.d5 c5 13.Ne1 Bf8 14.Nd3 g6 15.Bh6 Qd8 16.Rae1 b6
17.b3 Ba6 18.Bxf8 Nxf8 19.Qh6 Kh8 20.Qe3 Ra7 21.f4 exf4 22.Qxf4 Kg7 23.e5 Ng8
24.exd6 f6 25.Bg4 Rxe1 26.Rxe1 {#r} 1-0

[Event "It"]
[Site "masterchessopen.com - Rostov on Don (Russia)"]
[Round "7"]
[White "Oll Lembit (EST)"]
[Black "Vaganian Rafael A (ARM)"]
[Result "1-0"]
[WhiteElo "2595"]
[BlackElo "2615"]

1.d4 Nf6 2.c4 d6 3.Nc3 Nbd7 4.e4 e5 5.Nf3 Be7 6.Be2 O-O 7.O-O c6 8.Re1 Qc7
9.Bf1 a6 10.Nh4 Re8 11.Nf5 Bf8 12.Be3 b5 13.a3 bxc4 14.Bxc4 d5 15.Ba2 dxe4
16.d5 Nb6 17.d6 Qb7 18.Ng3 Nbd5 19.Ngxe4 Nxe4 20.Nxe4 Bf5 21.Nc5 Qxb2 22.Bxd5
cxd5 23.Qxd5 Qb5 24.a4 Qa5 25.Qf3 g6 26.g4 Be6 27.Nxe6 e4 28.Qxe4 Bxd6 29.Qc6
Bb4 30.Bb6 {#r} 1-0

[Event "It (open)"]
[Site "masterchessopen.com - Villa Ballester (Argentina)"]
[Round "2"]
[White "Recoulat Eduardo J (ARG)"]
[Black "Velazquez Gustavo (ARG)"]
[Result "1-0"]
[WhiteElo "2219"]
[BlackElo "1998"]

1.d4 Nf6 2.c4 d6 3.Nc3 Nbd7 4.e4 e5 5.Nf3 c6 6.g3 Be7 7.Bg2 O-O 8.O-O a6 9.h3
Re8 10.Be3 Bf8 11.Re1 b5 12.cxb5 axb5 13.a3 Bb7 14.Rc1 Qa5 15.Qb3 Nb6 16.dxe5
dxe5 17.Ng5 Nc4 18.Bf1 Nd6 19.Bc5 h6 20.Nf3 Nd7 21.Bxd6 Bxd6 22.Red1 Nc5
23.Qa2 b4 24.Rxd6 bxc3 25.b4 {#r} 1-0

[Event "It (open)"]
[Site "masterchessopen.com - Cannes (France)"]
[Round "0"]
[White "Koerholz Ludger (GER)"]
[Black "Manouck Thierry (FRA)"]
[Result "1-0"]
[WhiteElo "2320"]
[BlackElo "2285"]

1.d4 d6 2.c4 Nf6 3.Nc3 Nbd7 4.e4 e5 5.Nf3 Be7 6.Be2 O-O 7.O-O c6 8.Qc2 a6
9.Rd1 Qc7 10.b4 a5 11.b5 Re8 12.Rb1 h6 13.h3 exd4 14.Nxd4 Bf8 15.Bf4 Nc5
16.Bf3 Be6 17.bxc6 bxc6 18.Nxc6 Bxc4 19.e5 d5 20.exf6 Qxf4 21.Bxd5 Bxd5
22.Nxd5 Qe4 23.Qd2 Re6 24.Nce7+ {#r} 1-0

[Event "Ch URS (team) (corr.)"]
[Site "masterchessopen.com - corr."]
[Round "0"]
[White "Yatsimirsky Y (KAZ)"]
[Black "Panush Viktor (MDA)"]
[Result "1-0"]
[WhiteElo "2172"]
[BlackElo "2051"]

1.d4 Nf6 2.c4 d6 3.Nc3 Nbd7 4.e4 e5 5.Nf3 Be7 6.g3 c6 7.Bg2 Qc7 8.O-O Nf8 9.h3
Ng6 10.Be3 h5 11.Ne1 h4 12.g4 Nf4 13.Bxf4 exf4 14.Nd3 g5 15.e5 {#r} 1-0

[Event "It (w)"]
[Site "masterchessopen.com - Dresden (Germany)"]
[Round "0"]
[White "Fuchs Antje (GER)"]
[Black "Hauer Nadine (GER)"]
[Result "0-1"]
[WhiteElo "2124"]
[BlackElo "2080"]

1.d4 Nf6 2.c4 d6 3.Nc3 Nbd7 4.e4 e5 5.Nf3 Be7 6.h3 O-O 7.Be3 exd4 8.Nxd4 Re8
9.Qc2 Bf8 10.O-O-O Nc5 11.f3 Bd7 12.g4 c6 13.Qd2 a6 14.b4 Ne6 15.Nf5 a5
16.Nxd6 axb4 17.Nxe8 bxc3 18.Nxf6+ Qxf6 19.Qf2 Ba3+ 20.Kc2 Bc5 21.Be2 Rxa2+
22.Kb1 Rb2+ 23.Kc1 Ba3 {#R} 0-1

[Event "It (open)"]
[Site "masterchessopen.com - Manresa (Spain)"]
[Round "3"]
[White "Marin Mihail (ROM)"]
[Black "Herreros Fernandez Miguel (ESP)"]
[Result "1-0"]
[WhiteElo "2520"]
[BlackElo "2268"]

1.d4 Nf6 2.c4 d6 3.Nc3 Nbd7 4.e4 e5 5.Nf3 Be7 6.Be2 O-O 7.O-O c6 8.Re1 a6
9.Rb1 b5 10.b4 Qc7 11.a4 bxc4 12.Bxc4 Rb8 13.Ba3 Bb7 14.Qe2 Qb6 15.b5 exd4
16.bxc6 Qxc6 17.Nxd4 Qc7 18.Nf5 Ne5 19.Bxa6 Bxa6 20.Nxe7+ Kh8 21.Rxb8 Rxb8
22.Qxa6 Qxc3 23.Rc1 Qxa3 24.Rc8+ Ne8 25.Rxb8 Qa1+ 26.Qf1 Qxa4 27.Nf5 {#r} 1-0

[Event "Ch Norway (team) East"]
[Site "masterchessopen.com - Norway"]
[Round "7"]
[White "Sorgjerd Jan (NOR)"]
[Black "Moen Andreas (NOR)"]
[Result "1-0"]
[WhiteElo "2138"]
[BlackElo "2373"]

1.d4 Nf6 2.c4 d6 3.Nc3 Nbd7 4.Nf3 e5 5.e4 c6 6.Be2 exd4 7.Nxd4 d5 8.exd5 cxd5
9.O-O dxc4 10.Bxc4 Nb6 11.Re1+ Be7 12.Bb5+ Kf8 13.Bg5 Bd7 14.Qe2 Bg4 15.Nf3 a6
16.Rad1 Qc7 17.Bd7 Nfxd7 18.Qxe7+ Kg8 19.Ne5 Be6 20.Nxd7 Bxd7 21.Nd5 {#r} 1-0

[Event "It (open)"]
[Site "masterchessopen.com - Oslo (Norway)"]
[Round "4"]
[White "Davies Nigel R (ENG)"]
[Black "Glenne Bjorn Erik (NOR)"]
[Result "1-0"]
[WhiteElo "2510"]
[BlackElo "2265"]

1.d4 Nf6 2.c4 d6 3.Nf3 Nbd7 4.Nc3 e5 5.e4 Be7 6.Be2 O-O 7.O-O c6 8.Be3 Ne8
9.Qc2 g6 10.Rfd1 Qc7 11.b4 Ng7 12.Rac1 f5 13.Bh6 f4 14.c5 dxc5 15.dxc5 g5
16.Nxg5 Bxg5 17.Bc4+ Kh8 18.Bxg5 Nf6 19.Qd2 Be6 20.Qd6 Qf7 21.Bxe6 Qxe6 22.f3
Nfe8 {#r} 1-0

[Event "It (open)"]
[Site "masterchessopen.com - Paris (France)"]
[Round "4"]
[White "Aouizerate Robert (FRA)"]
[Black "Vuillerme F"]
[Result "0-1"]
[WhiteElo "1907"]
[BlackElo "2040"]

1.d4 Nf6 2.c4 d6 3.Nc3 e5 4.Nf3 Nbd7 5.e4 Be7 6.g3 O-O 7.Bg2 c6 8.O-O a6
9.dxe5 dxe5 10.Qe2 b5 11.Rd1 Qc7 12.a4 b4 13.Nb1 Nc5 14.Nbd2 Rd8 15.h3 Nfxe4
16.Nxe4 Rxd1+ 17.Qxd1 Nxe4 18.Qe2 Bf5 19.Ne1 Nc5 20.Be3 Bg6 21.Bxc5 Bxc5
22.Rd1 e4 23.b3 Qxg3 24.Nc2 Qxb3 {#R} 0-1

[Event "Ch Switzerland (team)"]
[Site "masterchessopen.com - Switzerland"]
[Round "0"]
[White "Begovac Franja (CRO)"]
[Black "Costa Jean-Luc (SUI)"]
[Result "0-1"]
[WhiteElo "2420"]
[BlackElo "2417"]

1.d4 Nf6 2.c4 d6 3.Nc3 e5 4.Nf3 Nbd7 5.e4 Be7 6.Be2 c6 7.O-O O-O 8.Qc2 a6
9.Rd1 Qc7 10.Bg5 Re8 11.h3 b5 12.cxb5 cxb5 13.Rac1 h6 14.Be3 Bb7 15.dxe5 dxe5
16.Qb1 Bc6 17.Rd2 Qb7 18.Qd3 b4 19.Nd5 Bxd5 20.exd5 e4 21.Qb3 exf3 22.Bxf3 Bd6
23.Rc6 Qb8 24.Be2 a5 25.Qa4 Bf4 26.d6 Rxe3 {#R} 0-1

[Event "Oberliga Baden 1993/94"]
[Site "masterchessopen.com - Germany"]
[Date "1994.04.24"]
[Round "9"]
[White "Ksieski Zbigniew (POL)"]
[Black "Eis Helko (GER)"]
[Result "1-0"]
[WhiteElo "2355"]
[BlackElo "2161"]

1.d4 Nf6 2.c4 d6 3.Nc3 Nbd7 4.e4 e5 5.Nf3 Be7 6.Be2 O-O 7.O-O c6 8.Be3 exd4
9.Nxd4 Nc5 10.Qc2 Ng4 11.Bxg4 Bxg4 12.h3 Be6 13.Nxe6 fxe6 14.Rad1 Nd7 15.Qb3
c5 16.f4 a6 17.e5 b5 18.cxb5 c4 19.Qxc4 d5 20.Nxd5 axb5 21.Qxb5 exd5 {#r} 1-0

[Event "Oberliga Baden 1995/96"]
[Site "masterchessopen.com - Baden-Wuerttemberg (Germany)"]
[Round "0"]
[White "Eisele Steffen (GER)"]
[Black "Dettler Thomas (GER)"]
[Result "1-0"]
[WhiteElo "2257"]
[BlackElo "2063"]

1.d4 Nf6 2.c4 d6 3.Nc3 e5 4.Nf3 Nbd7 5.e4 Be7 6.Be2 O-O 7.O-O c6 8.Qc2 a6
9.Rd1 Qc7 10.b3 Re8 11.Bb2 Nf8 12.dxe5 dxe5 13.Na4 Ng6 14.c5 Bg4 15.h3 Bxf3
16.Bxf3 Nf4 17.Nb6 Rad8 18.b4 h5 19.Nc4 Rxd1+ 20.Rxd1 Bf8 21.Kh2 Re6 22.Qd2
Be7 23.Bxe5 {#r} 1-0

[Event "It (open)"]
[Site "masterchessopen.com - Cappelle la Grande (France)"]
[Round "2"]
[White "Royer Sylvain (FRA)"]
[Black "Manouck Thierry (FRA)"]
[Result "0-1"]
[WhiteElo "2160"]
[BlackElo "2270"]

1.d4 d6 2.c4 Nf6 3.Nc3 Nbd7 4.e4 e5 5.Nf3 Be7 6.Be2 O-O 7.O-O c6 8.Nh4 Re8
9.Nf5 Bf8 10.Be3 exd4 11.Qxd4 Nc5 12.Bg5 Ne6 13.Qe3 Nxg5 14.Qxg5 g6 15.Ng3 h6
16.Qd2 h5 17.Bd3 h4 18.Nge2 h3 19.f4 Ng4 20.gxh3 Qb6+ 21.Kg2 Ne3+ 22.Kg3 Nxf1+
23.Rxf1 Qc5 24.e5 dxe5 25.f5 e4 26.Nxe4 Qe5+ 27.Qf4 Bxf5 {#R} 0-1

[Event "?"]
[Site "masterchessopen.com - Ischia (Italy)"]
[Round "0"]
[White "Herrera Gustavo (SUI)"]
[Black "Gaggiottini Manfredo (ITA)"]
[Result "1-0"]
[WhiteElo "2127"]
[BlackElo "2078"]

1.d4 Nf6 2.c4 d6 3.Nc3 Nbd7 4.e4 e5 5.Nf3 Be7 6.Be2 c6 7.O-O Qc7 8.Qc2 O-O
9.Rd1 Re8 10.dxe5 dxe5 11.h3 Nf8 12.Be3 Be6 13.Rac1 Ng6 14.a3 Nh5 15.Nd2 Nhf4
16.Bf1 Bd7 17.c5 Ne6 18.b4 Bg5 19.Bxg5 Nxg5 20.Nc4 Re6 21.Qd2 {#r} 1-0

[Event "It (open)"]
[Site "masterchessopen.com - Kavala (Greece)"]
[Round "7"]
[White "Banikas Hristos (GRE)"]
[Black "Karapanos Nikolaos (GRE)"]
[Result "1-0"]
[WhiteElo "2375"]
[BlackElo "2210"]

1.d4 d6 2.c4 Nf6 3.Nc3 Nbd7 4.e4 e5 5.Nf3 Be7 6.Be2 c6 7.O-O Qc7 8.Re1 O-O
9.Rb1 Re8 10.Bf1 Nf8 11.d5 Bg4 12.h3 Bh5 13.Be3 Bg6 14.Nd2 Nxe4 15.Ndxe4 f5
16.Bd3 fxe4 17.Bxe4 Qd7 18.Qd3 c5 19.b4 cxb4 20.Rxb4 Bxe4 21.Qxe4 Ng6 22.a4
Bd8 23.Reb1 Ba5 24.Rxb7 Qc8 25.R7b3 Bxc3 26.Rxc3 Qa6 27.c5 dxc5 28.Rxc5 Rf8
29.Rc7 Qe2 30.Rxg7+ {#r} 1-0

[Event "It (open)"]
[Site "masterchessopen.com - Liechtenstein"]
[Round "0"]
[White "Bezler Rainer (AUT)"]
[Black "Espig Lutz (GER)"]
[Result "0-1"]
[WhiteElo "2218"]
[BlackElo "2415"]

1.d4 Nf6 2.c4 d6 3.Nc3 Nbd7 4.Nf3 e5 5.e4 Be7 6.Be2 O-O 7.O-O c6 8.b3 a6 9.Bb2
Qc7 10.Qc2 b5 11.Rac1 Qb8 12.cxb5 axb5 13.dxe5 Nxe5 14.Nxe5 dxe5 15.a4 Bd7
16.Rfd1 Rc8 17.axb5 cxb5 18.Qd3 b4 19.Nd5 Nxd5 20.Rxc8+ Qxc8 21.exd5 Bd6
22.Qe3 Qc2 23.Bc1 Ra1 24.Bf3 e4 25.Qd2 Qxb3 26.Bxe4 Bf4 27.Qe1 Qxd1 {#R} 0-1

[Event "It (open)"]
[Site "masterchessopen.com - Novgorod (Russia)"]
[Round "0"]
[White "Sherbakov Ruslan (RUS)"]
[Black "Borisenko A (RUS)"]
[Result "1-0"]
[WhiteElo "2520"]
[BlackElo "2335"]

1.d4 Nf6 2.c4 d6 3.Nc3 Nbd7 4.e4 e5 5.Nf3 Be7 6.Be2 c6 7.O-O a6 8.Nh4 O-O
9.Nf5 b5 10.Bg5 h6 11.Bh4 Re8 12.cxb5 cxb5 13.dxe5 dxe5 14.Nd5 Bf8 15.Rc1 g5
16.Nc7 Bb7 17.Bg3 Nxe4 18.Nxe8 Qxe8 19.Rc7 Ndc5 20.Bh5 Rd8 21.Bxf7+ Qxf7
22.Qxd8 Qxf5 23.Rxb7 Nxb7 24.Qd5+ Kh8 25.Bxe5+ Kh7 26.Qxb7+ Kg6 27.Qxa6+ Kh5
28.Qxb5 Bc5 29.Bd4 {#r} 1-0

[Event "It (open)"]
[Site "masterchessopen.com - St. Petersburg (Russia)"]
[Round "0"]
[White "Ragozin Evgeni (RUS)"]
[Black "Krylov Sergey (RUS)"]
[Result "1-0"]
[WhiteElo "2430"]
[BlackElo "2305"]

1.c4 Nf6 2.Nc3 d6 3.d4 e5 4.Nf3 Nbd7 5.e4 Be7 6.Be2 O-O 7.O-O c6 8.Qc2 Re8
9.Rb1 Bf8 10.b4 a5 11.a3 axb4 12.axb4 exd4 13.Nxd4 g6 14.Rd1 Qe7 15.f3 Bg7
16.Bf1 Ne5 17.Bg5 h6 18.Be3 d5 19.cxd5 cxd5 20.Ndb5 b6 21.Rxd5 Nxd5 22.Nxd5
Qh4 23.Nbc7 Be6 24.Qf2 Qh5 25.Nxe8 Rxe8 26.Nf4 {#r} 1-0

[Event "It (open)"]
[Site "masterchessopen.com - Tivat (Yugoslavia)"]
[Round "7"]
[White "Manojlovic Sava (SRB)"]
[Black "Ostrovsky Alexander (RUS)"]
[Result "0-1"]
[WhiteElo "2082"]
[BlackElo "2370"]

1.d4 Nf6 2.Nf3 d6 3.c4 Nbd7 4.Nc3 e5 5.e4 Be7 6.Be2 O-O 7.O-O c6 8.Rb1 a6 9.b4
b5 10.Qc2 Qc7 11.Bg5 bxc4 12.Bxc4 d5 13.Bd3 Bd6 14.h3 h6 15.Be3 Bb7 16.Qd2
Rfe8 17.dxe5 Nxe5 18.Nxe5 Bxe5 19.exd5 cxd5 20.Rfc1 d4 21.Bxd4 Bxd4 22.Nb5 Qg3
23.Bf1 Bxf2+ 24.Qxf2 Qxf2+ 25.Kxf2 axb5 26.Bxb5 Rxa2+ {#R} 0-1

[Event "It (open)"]
[Site "masterchessopen.com - Zadar (Croatia)"]
[Round "0"]
[White "Cvitan Ognjen (CRO)"]
[Black "Jurkovic Hrvoje (CRO)"]
[Result "0-1"]
[WhiteElo "2510"]
[BlackElo "2355"]

1.d4 Nf6 2.Nf3 d6 3.c4 Nbd7 4.Nc3 e5 5.e4 c6 6.Be2 Be7 7.O-O Qc7 8.Be3 Nf8
9.d5 Ng6 10.Ne1 h5 11.Nd3 Ng4 12.Bd2 f5 13.f3 Nf6 14.b4 cxd5 15.cxd5 f4 16.Nf2
O-O 17.Rc1 Qd8 18.Qb3 Ne8 19.Rc2 Bh4 20.Rfc1 Bg3 21.Ncd1 Qh4 22.Rxc8 Qxh2+
23.Kf1 Rxc8 24.Rxc8 Nh4 25.b5 Qxg2+ 26.Ke1 Qh1+ {#R} 0-1

[Event "Ch Europe (juniors) (under 18) (g)"]
[Site "masterchessopen.com - Zagan (Poland)"]
[Round "6"]
[White "Kiseleva Natalia (UKR)"]
[Black "Smokina Karolina (MDA)"]
[Result "1-0"]
[WhiteElo "2260"]
[BlackElo "2135"]

1.d4 Nf6 2.c4 d6 3.Nf3 Nbd7 4.Nc3 e5 5.e4 Be7 6.Be2 c6 7.O-O Qc7 8.Re1 Nf8
9.h3 Ng6 10.a3 a5 11.Be3 a4 12.dxe5 dxe5 13.Nxa4 Nxe4 14.Bd3 Nf6 15.Bb6 Qd6
16.Bc5 Qd8 17.Nxe5 Nxe5 18.Rxe5 Be6 19.Bxe7 Kxe7 20.Nc5 Qd4 21.Qe1 Rhe8 22.Bf5
Nd7 23.Rxe6+ fxe6 24.Qxe6+ Kd8 25.Qxd7+ Qxd7 26.Bxd7 Re2 27.b4 {#r} 1-0

[Event "Ch Wales"]
[Site "masterchessopen.com - Cardiff (Wales)"]
[Round "6"]
[White "Cooper John G (WLS)"]
[Black "Saunders Walter N R (WLS)"]
[Result "1-0"]
[WhiteElo "2370"]
[BlackElo "2075"]

1.c4 Nf6 2.Nc3 e5 3.Nf3 d6 4.d4 Nbd7 5.e4 exd4 6.Nxd4 Nc5 7.f3 a5 8.Be2 Be7
9.O-O O-O 10.Kh1 c6 11.Qc2 Re8 12.Be3 Bf8 13.Rad1 Qc7 14.Bg5 Nfd7 15.Bh4 Ne5
16.Bg3 f6 17.h3 Bd7 18.f4 Nf7 19.b3 Qc8 20.Bf3 g5 21.Bh5 g4 22.e5 Bg7 23.exf6
Bxf6 24.Bxf7+ Kxf7 25.Qxh7+ Kf8 26.f5 Re5 27.Bh4 Qd8 28.Ne6+ Bxe6 29.Bxf6 {#r}
1-0

[Event "It (open)"]
[Site "masterchessopen.com - Ceske Budejovice (Czech Republic)"]
[Round "2"]
[White "Niederwieser Peter (AUT)"]
[Black "Miskovsky Pavel (CZE)"]
[Result "0-1"]
[WhiteElo "2195"]
[BlackElo "2109"]

1.d4 Nf6 2.c4 d6 3.Nc3 e5 4.Nf3 Nbd7 5.e4 Be7 6.Be2 O-O 7.O-O exd4 8.Nxd4 Nc5
9.Qc2 a5 10.Re1 Re8 11.Bf1 Ng4 12.Bf4 Bf6 13.Rad1 Bxd4 14.Rxd4 Ne6 15.Be3 Qh4
{#R} 0-1

[Event "It (open)"]
[Site "masterchessopen.com - Chicago (USA)"]
[Round "0"]
[White "Sailer Mike (USA)"]
[Black "Karklins Andrew (USA)"]
[Result "0-1"]
[WhiteElo "2141"]
[BlackElo "2355"]

1.d4 Nf6 2.c4 d6 3.Nc3 Nbd7 4.e4 e5 5.Nf3 c6 6.Be2 a6 7.O-O b5 8.d5 cxd5
9.cxd5 b4 10.Na4 Nxe4 11.Qc2 Nef6 12.Bg5 Be7 13.Qc6 Rb8 14.Bxf6 Bxf6 15.Bxa6
Bxa6 16.Qxa6 Ra8 17.Qb5 Qa5 18.Qxa5 Rxa5 19.b3 Rxd5 20.Rac1 Ke7 21.Rc7 Rb8
22.Rfc1 e4 23.Ne1 Rd2 24.Ra7 Bd4 {#R} 0-1

[Event "Oberliga East 1995/96"]
[Site "masterchessopen.com - Germany"]
[Round "0"]
[White "Selle Thomas (GER)"]
[Black "Espig Lutz (GER)"]
[Result "0-1"]
[WhiteElo "2093"]
[BlackElo "2395"]

1.d4 Nf6 2.c4 d6 3.Nc3 Nbd7 4.e4 e5 5.Nf3 Be7 6.Be2 O-O 7.O-O c6 8.Qc2 a6
9.Rd1 Qc7 10.b3 b5 11.Ba3 Re8 12.Rac1 exd4 13.Nxd4 c5 14.Nd5 Nxd5 15.cxd5 Qa5
16.Nc6 Qxa3 17.Rd3 Ne5 18.b4 Nxd3 19.Bxd3 c4 20.Be2 Bf6 {#R} 0-1

[Event "Ch Moscow (open)"]
[Site "masterchessopen.com - Moscow (Russia)"]
[Round "1"]
[White "Dragomarezkij Evgeni (RUS)"]
[Black "Lopatskaya Elena V (RUS)"]
[Result "1-0"]
[WhiteElo "2465"]
[BlackElo "2210"]

1.d4 Nf6 2.c4 d6 3.Nc3 Nbd7 4.e4 e5 5.Nf3 Be7 6.Be2 O-O 7.O-O Re8 8.d5 a5
9.Be3 Bf8 10.Nd2 Nc5 11.a3 Na6 12.b4 Bd7 13.Qb3 Qc8 14.Na4 Bxa4 15.Qxa4 axb4
16.axb4 Qd7 17.Qxd7 Nxd7 18.Rfb1 g6 19.Bd1 f5 20.Ba4 Rad8 21.f3 f4 22.Bf2 Be7
23.Bb5 Nab8 24.Ra7 c6 25.Ba4 b5 26.cxb5 cxd5 27.exd5 Rc8 28.b6 Red8 29.Rc7
{#r} 1-0

[Event "Cup Russia (open)"]
[Site "masterchessopen.com - Moscow (Russia)"]
[Round "4"]
[White "Volzhin Alexander (RUS)"]
[Black "Kremenietsky Anatoly M (RUS)"]
[Result "1-0"]
[WhiteElo "2485"]
[BlackElo "2385"]

1.Nf3 Nf6 2.c4 d6 3.d4 Nbd7 4.Nc3 e5 5.e4 Be7 6.Be2 O-O 7.O-O c6 8.d5 Nc5
9.Nd2 a5 10.b3 Bd7 11.Re1 Qb8 12.Bf1 Bd8 13.h3 h6 14.Rb1 Bb6 15.a3 Qa7 16.Qf3
Nh7 17.b4 axb4 18.axb4 Na6 19.Ra1 f5 20.c5 dxc5 21.b5 cxb5 22.Bxb5 fxe4 23.Qg3
Bf5 24.Ndxe4 Kh8 25.Bxh6 gxh6 26.Qxe5+ Kg8 27.d6 Bg6 28.Bc4+ Bf7 29.Nf6+ Nxf6
30.Qxf6 {#r} 1-0

[Event "It (open)"]
[Site "masterchessopen.com - Oberwart (Austria)"]
[Round "2"]
[White "Danner Georg (AUT)"]
[Black "Roos Thomas (GER)"]
[Result "1-0"]
[WhiteElo "2375"]
[BlackElo "2255"]

1.d4 Nf6 2.Nf3 d6 3.c4 Nbd7 4.Nc3 e5 5.e4 Be7 6.Be2 O-O 7.O-O c6 8.h3 a6 9.Be3
b5 10.cxb5 axb5 11.a3 Bb7 12.Rc1 exd4 13.Nxd4 g6 14.Qc2 Re8 15.Rfd1 Bf8 16.Bf4
Qb6 17.Nf3 Ne5 18.Be3 Qa5 19.Bg5 Nxf3+ 20.Bxf3 Nd7 21.Qd2 f6 22.Bh6 Ne5
23.Bxf8 Nc4 24.Qc2 Rxf8 25.Be2 Rad8 26.a4 Ba6 27.axb5 cxb5 28.Qb3 Kg7 29.Ra1
{#r} 1-0

[Event "Ch Paris (open)"]
[Site "masterchessopen.com - Paris (France)"]
[Round "5"]
[White "Karr Jean-Philippe (FRA)"]
[Black "Prokopchuk Evgeny (RUS)"]
[Result "1-0"]
[WhiteElo "2325"]
[BlackElo "2410"]

1.d4 Nf6 2.c4 d6 3.Nf3 Nbd7 4.Nc3 e5 5.e4 Be7 6.Be2 O-O 7.O-O c6 8.Re1 a6
9.Rb1 Re8 10.b4 exd4 11.Nxd4 g6 12.Bf1 Bf8 13.Bg5 h6 14.Bh4 Bg7 15.Qd2 Qb6
16.Nc2 Re6 17.Kh1 g5 18.Bg3 Nh5 19.Bxd6 Rxd6 20.Qxd6 Bxc3 21.Re3 Bg7 22.c5 Qa7
23.e5 Nf8 24.g3 g4 25.Be2 Bf5 26.Qd1 Ne6 27.Bxg4 Rd8 28.Qe2 Nef4 29.gxf4 Nxf4
30.Qc4 {#r} 1-0

[Event "Ch Estonia"]
[Site "masterchessopen.com - Tallinn (Estonia)"]
[Round "10"]
[White "Shishkov Andrei (EST)"]
[Black "Kulaots Kaido (EST)"]
[Result "0-1"]
[WhiteElo "2150"]
[BlackElo "2405"]

1.d4 d6 2.c4 e5 3.Nf3 Nd7 4.Nc3 Ngf6 5.e4 g6 6.h3 Bg7 7.Bg5 h6 8.Be3 O-O 9.Qd2
Kh7 10.O-O-O Qe7 11.Qc2 c6 12.g4 a6 13.g5 Nh5 14.Qd2 Nf4 15.gxh6 Bxh6 16.h4
Nf6 17.Ng5+ Kg8 18.Bxf4 exf4 19.Be2 f3 20.Bxf3 Nh7 21.Be2 f6 22.f4 fxg5
23.hxg5 Bg7 24.Rdg1 b5 25.Rh4 b4 26.Nd1 Qxe4 27.Rgh1 Bf5 {#R} 0-1

[Event "It (open)"]
[Site "masterchessopen.com - Vienna (Austria)"]
[Round "7"]
[White "Lapienis Donatas (LTU)"]
[Black "Koller Hubert (AUT)"]
[Result "1-0"]
[WhiteElo "2350"]
[BlackElo "2102"]

1.d4 d6 2.Nf3 Nf6 3.c4 Nbd7 4.Nc3 e5 5.e4 c6 6.Be2 Be7 7.O-O O-O 8.Re1 Re8
9.Bf1 Qc7 10.h3 Nf8 11.Be3 Ng6 12.Qd2 Nxe4 13.Nxe4 f5 14.Nxd6 Bxd6 15.dxe5 f4
16.exd6 fxe3 17.dxc7 {#r} 1-0

[Event "It (open)"]
[Site "masterchessopen.com - Zadar (Croatia)"]
[Round "3"]
[White "Cebalo Miso (CRO)"]
[Black "Jurkovic Hrvoje (CRO)"]
[Result "1-0"]
[WhiteElo "2515"]
[BlackElo "2405"]

1.d4 Nf6 2.Nf3 d6 3.c4 Nbd7 4.Nc3 e5 5.e4 c6 6.Be2 Be7 7.O-O Qc7 8.Rb1 Nf8
9.b4 Ng6 10.Re1 O-O 11.h3 Nh5 12.Be3 Nhf4 13.Bf1 f5 14.c5 fxe4 15.cxd6 Bxd6
16.Nxe4 Bf5 17.Nxd6 Bxb1 18.Bc4+ Kh8 19.dxe5 b5 20.Bb3 Nd3 21.Qxb1 Rxf3
22.gxf3 Ndxe5 23.Rd1 Nxf3+ 24.Kf1 Nge5 25.Qe4 {#r} 1-0

[Event "It (open) \"]
[Site "masterchessopen.com - Berlin (Germany)"]
[Round "2"]
[White "Sturua Zurab (GEO)"]
[Black "Vandrey Wolfgang (GER)"]
[Result "1-0"]
[WhiteElo "2585"]
[BlackElo "2300"]

1.d4 Nf6 2.c4 d6 3.Nf3 Nbd7 4.Nc3 e5 5.e4 c6 6.Be2 Be7 7.O-O O-O 8.Re1 a6 9.h3
Re8 10.Bf1 Qc7 11.a3 exd4 12.Nxd4 Bf8 13.Bf4 g6 14.Qc2 Ne5 15.Qd2 b5 16.cxb5
axb5 17.Rac1 Qb7 18.Bg5 Be7 19.f4 Nc4 20.Bxc4 bxc4 21.e5 dxe5 22.fxe5 Nh5
23.Bxe7 Rxe7 24.Ne4 c5 25.Nf6+ {#r} 1-0

[Event "It (open)"]
[Site "masterchessopen.com - Chemnitz (Germany)"]
[Round "1"]
[White "Lukas Manfred (GER)"]
[Black "Degenhardt Horst (GER)"]
[Result "0-1"]
[WhiteElo "2052"]
[BlackElo "2335"]

1.d4 Nf6 2.c4 d6 3.Nc3 Nbd7 4.e4 e5 5.Nf3 Be7 6.Be2 O-O 7.O-O c6 8.Be3 a6 9.b4
Qc7 10.Qb3 Ng4 11.a4 Nxe3 12.fxe3 Nf6 13.h3 Nh5 14.Bd3 g6 15.g4 exd4 16.Nxd4
Nf6 17.Rf3 Nd7 18.Nce2 Ne5 19.Rf2 Bh4 20.Rff1 Qe7 21.Nf3 h5 22.Nxh4 Qxh4
23.Kg2 hxg4 24.hxg4 Nxg4 25.Rf4 Qh2+ {#R} 0-1

[Event "It (open)"]
[Site "masterchessopen.com - Decin (Czech Republic)"]
[Round "3"]
[White "Horak Jiri (CZE)"]
[Black "Syrokhvatov Leonid V (RUS)"]
[Result "1-0"]
[WhiteElo "2057"]
[BlackElo "2216"]

1.Nf3 Nf6 2.c4 d6 3.d4 Nbd7 4.Nc3 e5 5.e4 c6 6.Be2 Be7 7.O-O O-O 8.Ne1 a6 9.a4
exd4 10.Qxd4 a5 11.Be3 Nc5 12.Rb1 Qc7 13.Kh1 Re8 14.f4 Bg4 15.Bf3 Bf8 16.Qd1
Nfxe4 17.Nxe4 Rxe4 18.Bxc5 Rxf4 19.Be3 Bxf3 20.Nxf3 Rxc4 21.Qd3 d5 22.Ng5 Rh4
23.Bf4 Bd6 24.g3 Rh5 25.Bxd6 Qxd6 26.Nxf7 Qb4 27.Rf4 Qe7 28.Rbf1 Re8 29.Qf3 g6
30.Qc3 {#r} 1-0